<?xml version="1.0" encoding="UTF-8"?>
<record
    xmlns:xsi="http://www.w3.org/2001/XMLSchema-instance"
    xsi:schemaLocation="http://www.loc.gov/MARC21/slim http://www.loc.gov/standards/marcxml/schema/MARC21slim.xsd"
    xmlns="http://www.loc.gov/MARC21/slim">

  <leader>01748nas a2200277Ia 4500</leader>
  <controlfield tag="001">R240-R2897</controlfield>
  <controlfield tag="003">IT-CnALBA</controlfield>
  <controlfield tag="008">170116c99999999xx ||||||||||||   ||und||</controlfield>
  <datafield tag="040" ind1=" " ind2=" ">
    <subfield code="a">IT-CnALBA</subfield>
    <subfield code="c">IT-CnALBA</subfield>
  </datafield>
  <datafield tag="041" ind1=" " ind2=" ">
    <subfield code="a">ITALIANO</subfield>
  </datafield>
  <datafield tag="100" ind1=" " ind2=" ">
    <subfield code="a">ABLONDI ALBERTO, VESCOVO DI LIVORNO</subfield>
  </datafield>
  <datafield tag="210" ind1=" " ind2=" ">
    <subfield code="a">SE VUOI</subfield>
  </datafield>
  <datafield tag="222" ind1=" " ind2=" ">
    <subfield code="a">SE VUOI</subfield>
  </datafield>
  <datafield tag="245" ind1=" " ind2="0">
    <subfield code="a">SE VUOI, RIVISTA DI ORIENTAMENTO. N. I. ANNO XXIII. GENNAIO FEBBRAIO 1982. </subfield>
  </datafield>
  <datafield tag="250" ind1=" " ind2=" ">
    <subfield code="a">1a ed.</subfield>
  </datafield>
  <datafield tag="260" ind1=" " ind2=" ">
    <subfield code="a">CINISELLO BALSAMO (MI)</subfield>
    <subfield code="b">EDIZIONI PAOLINE</subfield>
    <subfield code="c">1982</subfield>
  </datafield>
  <datafield tag="300" ind1=" " ind2=" ">
    <subfield code="a">66 p. </subfield>
  </datafield>
  <datafield tag="310" ind1=" " ind2=" ">
    <subfield code="a">BIMESTRALE</subfield>
  </datafield>
  <datafield tag="362" ind1=" " ind2=" ">
    <subfield code="a">Fascicolo: 1 / Anno: 23 (1982)</subfield>
  </datafield>
  <datafield tag="500" ind1=" " ind2=" ">
    <subfield code="a">INDICE ANNATA 1981. MONGILLO D. CAGNASSO F. BONINO G. FABBRETTI N. HANDICAPPATO INUTILE. ATTESA E INCONTRO FASI DELLA CHIAMATA. FAMIGLIA VOCABOLARIO DELLE VOCAZIONI. TESTIMONIANZA DALLE MISSIONI. SALITA' INSIEME POESIE. VITA INTERIORE. FRATE OPERAIO FRANCESCO. RICERCA, FOTOLINGUAGGIO. RELIGIOSI PIME, PONTIFICIO ISTITUTO MISSIONI ESTERE. CELLULA DI CHIESA, TESTIMONIANZA. MOVIMENTO PAX CHRISTI. PAROLA AI LETTORI, AZIONE E PREGHIERA, NASCITA DI Una comunit&#xE0;'' VERA. </subfield>
  </datafield>
  <datafield tag="501" ind1=" " ind2=" ">
    <subfield code="a">Societ&#xE0; San Paolo EM - Piazza San Paolo, 14 - 12051 ALBA (CN)  (non commercial uses only) &#xAE; Copyright 2017</subfield>
  </datafield>
  <datafield tag="520" ind1=" " ind2=" ">
    <subfield code="a">INDICE ANNATA 1981. MONGILLO D. CAGNASSO F. BONINO G. FABBRETTI N. HANDICAPPATO INUTILE. ATTESA E INCONTRO FASI DELLA CHIAMATA. FAMIGLIA VOCABOLARIO DELLE VOCAZIONI. TESTIMONIANZA DALLE MISSIONI. SALITA' INSIEME POESIE. VITA INTERIORE. FRATE OPERAIO FRANCESCO. RICERCA, FOTOLINGUAGGIO. RELIGIOSI PIME, PONTIFICIO ISTITUTO MISSIONI ESTERE. CELLULA DI CHIESA, TESTIMONIANZA. MOVIMENTO PAX CHRISTI. PAROLA AI LETTORI, AZIONE E PREGHIERA, NASCITA DI Una comunit&#xE0;'' VERA. </subfield>
  </datafield>
  <datafield tag="650" ind1=" " ind2=" ">
    <subfield code="a">VOCAZIONE</subfield>
  </datafield>
  <datafield tag="942" ind1=" " ind2=" ">
    <subfield code="c">CR</subfield>
  </datafield>
  <datafield tag="957" ind1=" " ind2=" ">
    <subfield code="7">1</subfield>
  </datafield>
  <datafield tag="999" ind1=" " ind2=" ">
    <subfield code="a">12941</subfield>
    <subfield code="b">NO</subfield>
    <subfield code="g">1</subfield>
    <subfield code="c">320996</subfield>
    <subfield code="d">320996</subfield>
  </datafield>
  <datafield tag="952" ind1=" " ind2=" ">
    <subfield code="0">0</subfield>
    <subfield code="1">0</subfield>
    <subfield code="4">0</subfield>
    <subfield code="6">R_240R2897</subfield>
    <subfield code="7">1</subfield>
    <subfield code="a">ALBA</subfield>
    <subfield code="b">ALBA</subfield>
    <subfield code="d">2017-01-16</subfield>
    <subfield code="l">0</subfield>
    <subfield code="o">R240-R2897</subfield>
    <subfield code="r">2017-01-16 00:00:00</subfield>
    <subfield code="w">2017-01-16</subfield>
    <subfield code="y">CR</subfield>
    <subfield code="z">(data import: 16 gennaio 2017) - By Epidotti, Vaglietti. </subfield>
  </datafield>
</record>
